| Tag |
First Indicator |
Second Indicator |
Subfields |
| LEADER |
00000cam a2200000 i 4500 |
| 001 |
in00000036409 |
| 005 |
20240904181810.9 |
| 008 |
730307t19591959nyua 001 0 eng |
| 010 |
|
|
|a 58010911
|
| 016 |
7 |
|
|a 011533188
|2 Uk
|
| 019 |
|
|
|a 517447
|a 11857195
|a 43489301
|a 862504829
|a 988527391
|a 994425439
|a 1001914701
|a 1176462314
|
| 029 |
1 |
|
|a AU@
|b 000009567618
|
| 029 |
1 |
|
|a AU@
|b 000026888387
|
| 029 |
1 |
|
|a CHBIS
|b 010741486
|
| 029 |
1 |
|
|a CHVBK
|b 374337233
|
| 029 |
1 |
|
|a DEBSZ
|b 007722915
|
| 029 |
1 |
|
|a HEBIS
|b 108827895
|
| 029 |
1 |
|
|a NZ1
|b 9267271
|
| 029 |
1 |
|
|a AU@
|b 000067228248
|
| 035 |
|
|
|a (OCoLC)ocm00573446
|
| 035 |
|
|
|a (OCoLC)573446
|z (OCoLC)517447
|z (OCoLC)11857195
|z (OCoLC)43489301
|z (OCoLC)862504829
|z (OCoLC)988527391
|z (OCoLC)994425439
|z (OCoLC)1001914701
|z (OCoLC)1176462314
|
| 040 |
|
|
|a DLC
|b eng
|e rda
|c WSU
|d DLC
|d CCL
|d TXX
|d MUQ
|d BTCTA
|d STF
|d BUF
|d TJX
|d UKMGB
|d EYP
|d TXX
|d OCLCQ
|d OCLCF
|d OCLCO
|d OCL
|d OCLCQ
|d HUA
|d OCL
|d J9U
|d YHM
|d OCLCQ
|d OCLCO
|d QGE
|d JHE
|d CPO
|d SNN
|d FWR
|d UWO
|d OCLCQ
|d GZN
|d GZW
|d OCL
|d OCLCO
|d OCL
|d PUL
|d WVU
|d OCLCL
|
| 043 |
|
|
|a e-fr---
|
| 050 |
0 |
0 |
|a Z305
|b .B32
|
| 050 |
0 |
4 |
|a Z305
|b .B32 1959
|
| 050 |
1 |
4 |
|a J69.23.1
|a B42
|a S52
|a 1959
|
| 055 |
0 |
0 |
|a Z305
|b .B32
|
| 055 |
1 |
4 |
|a J69.23.1
|a B42
|a S52
|a 1959
|
| 082 |
0 |
0 |
|a 658.8/09/070573094436
|
| 082 |
0 |
0 |
|a 070.5/0944/36
|2 19
|
| 082 |
0 |
0 |
|a 381/.45002/0944
|2 20
|
| 082 |
0 |
4 |
|a 808.856
|
| 100 |
1 |
|
|a Beach, Sylvia,
|e author.
|
| 245 |
1 |
0 |
|a Shakespeare and Company /
|c by Sylvia Beach.
|
| 250 |
|
|
|a First edition.
|
| 264 |
|
1 |
|a New York :
|b Harcourt, Brace & World, Inc.,
|c [1959]
|
| 264 |
|
4 |
|c ©1959
|
| 300 |
|
|
|a xiii, 230 pages :
|b illustrations ;
|c 21 cm
|
| 336 |
|
|
|a text
|b txt
|2 rdacontent
|
| 337 |
|
|
|a unmediated
|b n
|2 rdamedia
|
| 338 |
|
|
|a volume
|b nc
|2 rdacarrier
|
| 490 |
0 |
|
|a Harvest book ;
|v 97
|
| 500 |
|
|
|a The Cushing Library Lit/Mitchell copy is a donation from J. Lawrence Mitchell.
|
| 500 |
|
|
|a Includes index.
|
| 500 |
|
|
|a Contains segment about Gertrude Stein and Alice B. Toklas, "Two customers from the Rue de Fleurus" (pages 27-29).
|
| 505 |
0 |
|
|a "for Who-is-silvier-" -- Palais Royal ; The little gray bookshop of A. Monnier -- A bookshop of my own ; Setting up shop ; Shakespeare and Company opens its doors -- Pilgrims from America ; Mr. and Mrs. Pound ; Two customers from the Rue de Fleurus ; Sherwood Anderson -- Ulysses in Paris ; James Joyce, care of Shakespeare and Company -- Shakespeare and Company to the rescue ; Darantiere of Dijon ; A missing subscriber -- Valery Larbaud ; 12 Rue de l'Odéon ; Greek blue and circe -- Joyce's eyes ; At Larbaud's ; Garlic in a sponge ; Joyce and George Moore ; The reading at A. Monnier's ; "Saint Harriet" -- My best customer -- First copies of Ulysses ; Minerva-Hemingway ; A photograph of Mr. Bloom ; "Those scribblings of mine" ; Shakespeare and Company regrets ... ; Second edition ; Ulysses settles down -- Bryher -- Variety ; Visitors and friends ; "The crowd" -- Fitzgerald, Chamson, and Prévost ; A. MacLeish ; Ballet Mécanique -- The silver ship ; Whitman in Paris ; Contact and three mountains ; Jack Kahane ; The Crosbys ; Plain edition ; Gargoyle and Transatlantic ; Ernest Walsh and this quarter ; Transition ; Commerce ; Our friend Stuart Gilbert -- Jules Romains and the "Copains" ; A French Shakespearean ; Jean Schlumberger ; Léon-Paul Fargue ; Raymonde -- "Notre cher gide" ; My friend Paul Valéry -- Joyce's exiles ; "A.L.P." ; Two records -- Pomes penyeach ; Our exag ; Pirates -- Successor to Ulysses ; James and two Johns -- Away, away ... ; Joyce's way of life -- Ulysses goes to America ; The thirties ; Friends of Shakespeare and Company ; "Expo 1937" -- War and the occupation ; Shakespeare and Company vanishes -- The liberation ; Hemingway liberates the Rue de l'Odéon.
|
| 510 |
4 |
|
|a Wilson, R. A. Gertrude Stein,
|c J
|
| 520 |
|
|
|a The first publisher of James Joyce's "Ulysses" tells the story of her American bookshop in Paris, which was a center for famous writers of the twenties.
|
| 600 |
1 |
0 |
|a Beach, Sylvia
|x Homes and haunts
|z France
|z Paris.
|
| 610 |
2 |
0 |
|a Shakespeare and Company (Paris, France)
|
| 651 |
|
0 |
|a Paris (France)
|x Intellectual life
|y 20th century.
|
| 650 |
|
0 |
|a Booksellers and bookselling
|z France
|z Paris
|x History
|y 20th century.
|
| 650 |
|
0 |
|a Authors and publishers
|z France
|z Paris
|x History
|y 20th century.
|
| 650 |
|
0 |
|a Literature publishing
|z France
|z Paris
|x History
|y 20th century.
|
| 650 |
|
0 |
|a Americans
|z France
|z Paris
|x History
|y 20th century.
|
| 650 |
|
0 |
|a Authors
|v Correspondence.
|
| 651 |
|
0 |
|a Paris (France)
|x Intellectual life.
|
| 600 |
1 |
4 |
|a Beach, Sylvia.
|
| 610 |
2 |
6 |
|a Shakespeare & Company (Paris, France)
|
| 650 |
|
6 |
|a Écrivains
|v Correspondance.
|
| 651 |
|
6 |
|a Paris (France)
|x Vie intellectuelle.
|
| 651 |
|
6 |
|a Paris (France)
|x Vie intellectuelle
|y 20e siècle.
|
| 650 |
|
6 |
|a Écrivains et éditeurs
|z France
|z Paris
|x Histoire
|y 20e siècle.
|
| 650 |
|
6 |
|a Littérature
|x Édition
|z France
|z Paris
|x Histoire
|y 20e siècle.
|
| 600 |
1 |
7 |
|a Beach, Sylvia
|2 fast
|1 https://id.oclc.org/worldcat/entity/E39PBJgH7gjGjx7dpV8trt48YP
|
| 610 |
2 |
7 |
|a Shakespeare and Company (Paris, France)
|2 fast
|
| 650 |
|
7 |
|a Intellectual life
|2 fast
|
| 650 |
|
7 |
|a Americans
|2 fast
|
| 650 |
|
7 |
|a Authors and publishers
|2 fast
|
| 650 |
|
7 |
|a Booksellers and bookselling
|2 fast
|
| 650 |
|
7 |
|a Homes
|2 fast
|
| 650 |
|
7 |
|a Literature publishing
|2 fast
|
| 651 |
|
7 |
|a France
|z Paris
|2 fast
|1 https://id.oclc.org/worldcat/entity/E39QbtfRkKTXcHQJ477vgbjTxc
|
| 650 |
|
7 |
|a Authors
|2 fast
|
| 600 |
1 |
7 |
|a Beach, Sylvia
|2 nli
|
| 650 |
|
7 |
|a Authors
|2 nli
|
| 648 |
|
7 |
|a 1900-1999
|2 fast
|
| 655 |
|
7 |
|a Personal correspondence
|2 fast
|
| 655 |
|
7 |
|a History
|2 fast
|
| 655 |
|
7 |
|a Authors' presentation copies (Provenance)
|2 rbgenr
|
| 655 |
|
7 |
|a Authors' annotations (Provenance)
|y 20th century.
|2 rbprov
|
| 758 |
|
|
|i has work:
|a Shakespeare and company (Text)
|1 https://id.oclc.org/worldcat/entity/E39PCGXRqrG8Q6vjCDfkKqwP8K
|4 https://id.oclc.org/worldcat/ontology/hasWork
|
| 776 |
0 |
8 |
|i Online version:
|a Beach, Sylvia.
|t Shakespeare and Company.
|b [1st ed.].
|d New York, Harcourt, Brace [1959]
|w (OCoLC)713118512
|
| 938 |
|
|
|a Baker and Taylor
|b BTCP
|n 58010911
|
| 948 |
|
|
|h HELD BY TXA - 849 OTHER HOLDINGS
|
| 994 |
|
|
|a Z0
|b TXA
|
| 999 |
f |
f |
|s b63acf79-f9ce-3fd2-9daf-df5ec702eb1e
|i b66390f0-6ae2-360b-95a0-1fb28d9d0573
|t 0
|
| 952 |
f |
f |
|p noncirc
|a Texas A&M University
|b J.J. Pickle Campus
|c High Density Repository
|d Remote Storage
|t 0
|e Z305.S46 B42 1959
|h Library of Congress classification
|i unmediated -- volume
|m A14853201360
|
| 952 |
f |
f |
|p normal
|a Texas A&M University
|b College Station
|c Sterling C. Evans Library
|d Evans: Library Stacks
|t 0
|e Z305.S45 B42 1959
|h Library of Congress classification
|i unmediated -- volume
|m A14801263446
|
| 998 |
f |
f |
|a Z305.S45 B42 1959
|t 0
|l Evans: Library Stacks
|
| 998 |
f |
f |
|a Z305.S46 B42 1959
|t 0
|l Remote Storage
|